00799nam a2200181 a 450000100100000000500170001000800410002702000150006804000250008324501580010826000480026630000360031470000560035070000520040671000370045895201050049599900170060000004288520201002040455.0140212s2004 sp ac 000 0 spa d a8430941592 aDO-SdBNPbspacBNPHU04aLos Cronistas de la Constitución :bsus señorías los periodistas /ceditores Manuel Ángel Menéndez Gijón, Carmen Fernández López-Monís. aMadrid :bAsociación de la Prensa,c2004. a446 p. :bil., retrs. ;c24 cm.1 aMenéndez Gijón, Manuel Ángeleed.eed.9703181 aFernández López-Monís, Carmeneed.9703192 aAsociación de la Prensa970320 001050718MOaGRbGRcCTd2014-02-12iLF1l0o p42885-10r2020-06-25w2020-06-25y1ZNo se presta c42374d42374